| 000 -CABECERA |
| Longitud fija campo de control |
01521nam a2200421 i 4500 |
| 001 - NÚMERO DE CONTROL |
| Número de control |
.b74869796 |
| 003 - IDENTIFICADOR DEL NÚMERO DE CONTROL |
| Identificador del número de control |
OSt |
| 005 - FECHA Y HORA DE LA ÚLTIMA TRANSACCIÓN |
| Fecha y hora de la última transacción |
20210225174446.0 |
| 008 - CÓDIGOS DE INFORMACIÓN DE LONGITUD FIJA |
| Códigos de información de longitud fija |
210128e202011 spc|||| |||| 0|0 0 cat| |
| 015 ## - NÚMERO DE BIBLIOGRAFÍA NACIONAL |
| Número de bibliografía nacional |
LL2021 |
| Fuente |
bnc |
| 017 ## - NÚMERO DE COPYRIGHT O DE DEPÓSITO LEGAL |
| Número de copyright o de depósito legal |
DL B 17684-2020 |
| Agencia que asigna el número |
Biblioteca de Catalunya |
| 020 ## - NÚMERO INTERNACIONAL NORMALIZADO PARA LIBROS |
| Número Internacional Normalizado para Libros (ISBN) |
9788417804657 |
| 040 ## - FUENTE DE LA CATALOGACIÓN |
| Centro catalogador de origen |
ES-BaBC |
| Lengua de catalogación |
cat |
| Normas de descripción |
rda |
| Centro transcriptor |
ES-BaBC |
| 041 1# - CÓDIGO DE LENGUA |
| Código de lengua del texto/banda sonora o título independiente |
cat |
| Código de lengua original |
eng |
| 080 ## - NÚMERO DE LA CLASIFICACIÓN DECIMAL UNIVERSAL |
| Número de la Clasificación Decimal Universal |
329.18 |
| Subdivisión auxiliar común |
(430) |
| Identificador de la edición |
2004 |
| 080 ## - NÚMERO DE LA CLASIFICACIÓN DECIMAL UNIVERSAL |
| Número de la Clasificación Decimal Universal |
159.963.3 |
| Identificador de la edición |
2004 |
| 100 1# - PUNTO DE ACCESO PRINCIPAL-NOMBRE DE PERSONA |
| Nombre de persona |
Beradt, Charlotte, |
| Término indicativo de función |
autor |
| 240 10 - TÍTULO UNIFORME |
| Título uniforme |
<a href="Dritte Reich des traums.">Dritte Reich des traums.</a> |
| Lengua de la obra |
Català |
| 245 13 - MENCIÓN DE TÍTULO |
| Título |
El Tercer Reich dels somnis / |
| Mención de responsabilidad, etc. |
Charlotte Beradt ; primer epíleg: Barbara Hahn ; traducció i segon epíleg: Anna Punsoda |
| 250 ## - MENCIÓN DE EDICIÓN |
| Mención de edición |
Primera edició |
| 264 #1 - PRODUCCIÓN, PUBLICACIÓN , DISTRIBUCIÓN, FABRICACIÓN Y COPYRIGHT |
| Lugar de producción, publicación, distribución, fabricación |
Barcelona : |
| Nombre del productor, editor, distribuidor, fabricante |
Ara Llibres, |
| Fecha de de producción, publicación, distribución, fabricación o copyright |
novembre del 2020 |
| 300 ## - DESCRIPCIÓN FÍSICA |
| Extensión |
174 pàgines ; |
| Dimensiones |
22 cm |
| 336 ## - TIPO DE CONTENIDO |
| Término de tipo de contenido |
text |
| Código de tipo de contenido |
txt |
| Fuente |
rdacontent |
| 337 ## - TIPO DE MEDIO |
| Nombre del tipo de medio |
sense mediació |
| Código del tipo de medio |
n |
| Fuente |
rdamedia |
| 338 ## - TIPO DE SOPORTE |
| Nombre del tipo de soporte |
volum |
| Código del tipo de soporte |
nc |
| Fuente |
rdacarrier |
| 490 1# - MENCIÓN DE SERIE |
| Mención de serie |
Sèrie H ; |
| Designación de volumen o secuencia |
34 |
| 500 ## - NOTA GENERAL |
| Nota general |
Títol original: Das dritte Reich des traums |
| 500 ## - NOTA GENERAL |
| Nota general |
A la portada: Sàpiens |
| 500 ## - NOTA GENERAL |
| Nota general |
Subtítol a la coberta: El que els alemanys van somiar després de l'ascens de Hitler |
| 650 #7 - PUNTO DE ACCESO ADICIONAL DE MATERIA - TÉRMINO DE MATERIA |
| Término de materia o nombre geográfico como elemento inicial |
Nacionalsocialisme |
| Fuente del encabezamiento o término |
lemac |
| 650 #7 - PUNTO DE ACCESO ADICIONAL DE MATERIA - TÉRMINO DE MATERIA |
| Término de materia o nombre geográfico como elemento inicial |
Somnis |
| Fuente del encabezamiento o término |
lemac |
| 700 1# - PUNTO DE ACCESO ADICIONAL - NOMBRE DE PERSONA |
| Nombre de persona |
Hahn, Barbara, |
| Fechas asociadas al nombre |
1952- |
| Término indicativo de función |
escriptor d'un epíleg |
| 700 1# - PUNTO DE ACCESO ADICIONAL - NOMBRE DE PERSONA |
| Nombre de persona |
Punsoda, Anna, |
| Fechas asociadas al nombre |
1985- |
| Término indicativo de función |
traductor, |
| -- |
escriptor d'un epíleg |
| 830 #0 - PUNTO DE ACCESO ADICIONAL DE SERIE - TÍTULO UNIFORME |
| Título uniforme |
Sèrie H (Ara Llibres) ; |
| Designación de volumen o secuencia |
34 |
| 907 ## - ELEMENTO G DATOS LOCALES, GDL (RLIN) |
| a |
.b74869796 |
| b |
28-01-21 |
| c |
28-01-21 |
| d |
28-01-21 |
| e |
m |
| f |
a |
| g |
- |
| h |
cat |
| i |
spc |
| j |
0 |
| k |
0 |
| 940 ## - |
| T&íacute;tulo uniforme |
<a href="BC">BC</a> |
| 942 ## - ENTRADA DE ELEMENTOS AGREGADOS (KOHA) |
| Fuente de clasificaión o esquema |
|
| Koha [por defecto] tipo de item |
Monografies |